[Event "DEM U10/U10w 2014"]
[Site "Magdeburg GER"]
[Date "2014.06.12"]
[Round "8"]
[White "Marschall, Tillmann"]
[Black "Gericke, Luis"]
[Result "1-0"]
[Termination "normal"]
[Board "21"]
[WhiteElo "1423"]
[BlackElo "1161"]
[PlyCount "91"]
[WhiteFideId "12973220"]
[BlackFideId "16212525"]
[EventCountry "GER"]
[EventRounds "11"]
[EventType "swiss"]
[EventDate "2014.06.07"]

1. e4 e5 2. Nf3 Nc6 3. d4 exd4 4. Nxd4 Qh4 5. Nxc6 Qxe4+ 6. Qe2 Qxe2+ 7. Bxe2
dxc6 8. Be3 Nf6 9. a3 Bd6 10. Nc3 Be6 11. O-O-O O-O 12. Rhe1 a6 13. Rd2 Rad8
14. Red1 Rd7 15. h3 Nd5 16. Nxd5 cxd5 17. Bf3 c6 18. c4 Bc7 19. cxd5 cxd5 20.
Bxd5 Bxd5 21. Rxd5 Rxd5 22. Rxd5 Rd8 23. Rxd8+ Bxd8 24. Kc2 Kf8 25. Kb3 Ke7 26.
Kb4 Kd6 27. Kc4 Kc6 28. b3 Bb6 29. Bxb6 Kxb6 30. Kd5 Kb5 31. f4 a5 32. g4 a4
33. b4 b6 34. h4 f6 35. f5 h6 36. h5 Ka6 37. Kc6 b5 38. Kc5 Kb7 39. Kxb5 Kc7
40. Kxa4 Kd6 41. b5 Ke5 42. b6 Kf4 43. b7 Kxg4 44. b8=Q Kxh5 45. Qg3 g5 46.
Qh3# 1-0

[Event "DEM U10/U10w 2014"]
[Site "Magdeburg GER"]
[Date "2014.06.12"]
[Round "8"]
[White "Buchloh, Adrian"]
[Black "Krause, Marc"]
[Result "1-0"]
[Termination "normal"]
[Board "22"]
[WhiteElo "1463"]
[BlackElo "1083"]
[PlyCount "91"]
[WhiteFideId "12960675"]
[BlackFideId "12985724"]
[EventCountry "GER"]
[EventRounds "11"]
[EventType "swiss"]
[EventDate "2014.06.07"]

1. e4 e5 2. Bc4 d6 3. d3 Be7 4. Nc3 Nf6 5. h3 Nbd7 6. Nf3 Nb6 7. Bb3 O-O 8. Be3
c6 9. O-O h6 10. Re1 Be6 11. Qd2 Bxb3 12. axb3 Kh7 13. Kh1 Qd7 14. Ra2 Qc7 15.
Raa1 Qd7 16. Rg1 Ne8 17. Bxb6 a6 18. Be3 Rg8 19. Na4 Bd8 20. Rgf1 b5 21. Nc3 g5
22. Nh2 d5 23. exd5 cxd5 24. Bc5 d4 25. Ne2 Bc7 26. Bb4 Nf6 27. Ba5 Bb8 28.
Rae1 g4 29. h4 e4 30. dxe4 g3 31. Nxg3 Bxg3 32. fxg3 Nh5 33. Rf3 Nxg3+ 34. Kg1
Rae8 35. Qf2 Qd6 36. Rxf7+ Kh8 37. Qf6+ Qxf6 38. Rxf6 Kg7 39. Rd6 Rgf8 40. Rxd4
Rf7 41. Bc3 Kh7 42. Rd3 Nh5 43. Rde3 Rg8 44. Rf1 Nf4 45. Ref3 Rg3 46. Rxf4 1-0

[Event "DEM U10/U10w 2014"]
[Site "Magdeburg GER"]
[Date "2014.06.12"]
[Round "8"]
[White "Kunisch, Nina"]
[Black "Kamp, Adrian"]
[Result "0-1"]
[Termination "normal"]
[Board "23"]
[WhiteElo "1201"]
[BlackElo "1310"]
[PlyCount "144"]
[WhiteFideId "12982849"]
[BlackFideId "16222466"]
[EventCountry "GER"]
[EventRounds "11"]
[EventType "swiss"]
[EventDate "2014.06.07"]

1. e4 c5 2. Nf3 d6 3. d4 cxd4 4. Nxd4 Nf6 5. Nc3 g6 6. Be3 Bg7 7. Qd2 O-O 8. f3
Nc6 9. O-O-O Bd7 10. Bb5 a6 11. Bxc6 bxc6 12. g4 Re8 13. h4 h5 14. Bg5 hxg4 15.
Bxf6 exf6 16. fxg4 Bxg4 17. Rdg1 Bh5 18. Nxc6 Qd7 19. Nd4 Kh7 20. Rf1 Bh6 21.
Rf4 Bxf4 22. Qxf4 Kg7 23. Nd5 Qg4 24. Qxf6+ Kg8 25. Qxd6 Qg2 26. Qh2 Qxh2 27.
Rxh2 Red8 28. Nc6 Rd6 29. Ne5 Rc8 30. Ne7+ Kf8 31. Nd5 f6 32. Rf2 Kg7 33. Nd3
f5 34. b3 fxe4 35. N3f4 Re8 36. Rg2 Kh6 37. Nc7 Re5 38. Nxh5 Kxh5 39. Rh2 Re7
40. Re2 Rxc7 41. Rxe4 Rdc6 42. c4 a5 43. Re5+ Kxh4 44. Rxa5 g5 45. Rd5 Ra7 46.
Rd2 g4 47. Kb2 Kh3 48. Rd8 g3 49. Rh8+ Kg2 50. Rg8 Rf6 51. c5 Kf2 52. b4 g2 53.
b5 g1=Q 54. Rxg1 Kxg1 55. b6 Rb7 56. Kb3 Rfxb6+ 57. cxb6 Rxb6+ 58. Ka4 Ra6+ 59.
Kb3 Kf2 60. a3 Ke3 61. Kb4 Kd4 62. a4 Ra8 63. Kb5 Rb8+ 64. Kc6 Rc8+ 65. Kb5
Rc5+ 66. Kb6 Rc1 67. a5 Rb1+ 68. Ka7 Kc5 69. a6 Kc6 70. Ka8 Kb6 71. a7 Rf1 72.
Kb8 Rf8# 0-1

[Event "DEM U10/U10w 2014"]
[Site "Magdeburg GER"]
[Date "2014.06.12"]
[Round "8"]
[White "Rudolph, Eva"]
[Black "Lohr, Maximilian"]
[Result "0-1"]
[Termination "normal"]
[Board "24"]
[WhiteElo "1129"]
[BlackElo "1420"]
[PlyCount "62"]
[WhiteFideId "16200594"]
[BlackFideId "12999717"]
[EventCountry "GER"]
[EventRounds "11"]
[EventType "swiss"]
[EventDate "2014.06.07"]

1. e4 d5 2. exd5 Qxd5 3. Nc3 Qa5 4. d4 c6 5. Nf3 Nf6 6. Ne5 Nbd7 7. Nc4 Qc7 8.
Qf3 Nb6 9. Bf4 Qd8 10. Nxb6 Qxb6 11. O-O-O Bg4 12. Qd3 Bxd1 13. Qxd1 O-O-O 14.
Bc4 Rxd4 15. Bxf7 Rxd1+ 16. Rxd1 c5 17. Be6+ Qxe6 18. Nb5 Qxa2 19. Rd3 b6 20.
Ra3 Qe6 21. Nxa7+ Kb7 22. Kb1 g6 23. Nb5 Bg7 24. Ra7+ Kc6 25. Nc3 Nd5 26. Nxd5
Qxd5 27. Rc7+ Kb5 28. c3 Qf5+ 29. Ka2 Ra8+ 30. Kb3 Qxf4 31. Rxe7 Qa4# 0-1

[Event "DEM U10/U10w 2014"]
[Site "Magdeburg GER"]
[Date "2014.06.12"]
[Round "8"]
[White "Diderle, Konstantin"]
[Black "Schade, Johannes"]
[Result "0-1"]
[Termination "normal"]
[Board "25"]
[WhiteElo "1103"]
[BlackElo "1304"]
[PlyCount "118"]
[WhiteFideId "12965197"]
[BlackFideId "12958581"]
[EventCountry "GER"]
[EventRounds "11"]
[EventType "swiss"]
[EventDate "2014.06.07"]

1. e4 c5 2. Nf3 Nc6 3. d4 cxd4 4. Nxd4 g6 5. Nc3 Bg7 6. Be3 Nf6 7. Bc4 O-O 8.
Bb3 Ng4 9. Qxg4 Nxd4 10. Qd1 Nxb3 11. axb3 b6 12. O-O d6 13. f3 Bb7 14. Bd4 e5
15. Be3 f5 16. exf5 Rxf5 17. Nd5 Qd7 18. c4 Qf7 19. Qd2 Bxd5 20. cxd5 Rf8 21.
Ra4 b5 22. Rxa7 Qf6 23. Rb7 e4 24. f4 Bh6 25. g3 g5 26. Rxb5 gxf4 27. gxf4 Bxf4
28. Rxf4 Rxf4 29. Bxf4 Qxf4 30. Qxf4 Rxf4 31. Rb4 Kf7 32. Kg2 Kf6 33. Rd4 Ke5
34. Rd1 e3 35. Re1 Kd4 36. Rc1 Kxd5 37. Rc4 Rxc4 38. bxc4+ Kxc4 39. Kf1 d5 40.
Ke2 d4 41. Kd1 d3 42. Ke1 Kb3 43. Kd1 Kxb2 44. Ke1 Kc3 45. Kd1 d2 46. Ke2 Kc2
47. Kxe3 d1=Q 48. Kf4 Qg1 49. h4 h6 50. h5 Qg5+ 51. Kf3 Qxh5+ 52. Kg3 Kd3 53.
Kf2 Qg5 54. Kf3 h5 55. Kf2 Qe3+ 56. Kg2 h4 57. Kh2 h3 58. Kh1 Qf3+ 59. Kh2 Qg2#
0-1

[Event "DEM U10/U10w 2014"]
[Site "Magdeburg GER"]
[Date "2014.06.12"]
[Round "8"]
[White "Sinnhöfer, Lilian"]
[Black "Meinschien, Finn"]
[Result "0-1"]
[Termination "normal"]
[Board "26"]
[WhiteElo "1128"]
[BlackElo "1300"]
[PlyCount "134"]
[WhiteFideId "12977586"]
[BlackFideId "12989665"]
[EventCountry "GER"]
[EventRounds "11"]
[EventType "swiss"]
[EventDate "2014.06.07"]

1. e4 e5 2. d4 exd4 3. Qxd4 Nc6 4. Qe3 Bb4+ 5. Nc3 d6 6. Bd2 Nf6 7. Bb5 O-O 8.
O-O-O Re8 9. f3 Bd7 10. a3 Ba5 11. Qe1 a6 12. Ba4 b5 13. Bb3 Na7 14. Bg5 h6 15.
Bf4 Bb6 16. Nd5 Nxd5 17. Bxd5 Rb8 18. Qg3 Qf6 19. Ne2 a5 20. Rhe1 Be6 21. Nc3
b4 22. axb4 axb4 23. Na2 Bd4 24. e5 dxe5 25. Bxe5 Bxe5 26. Rxe5 Bxd5 27. Rxe8+
Rxe8 28. Rxd5 Qb6 29. Rd7 Rc8 30. Qf4 Qe6 31. Qd2 Qxa2 32. Qf4 Qe6 33. Qd2 Qc6
34. Rd3 Qc5 35. Qd1 Nc6 36. Rd5 Qe3+ 37. Qd2 Qxd2+ 38. Rxd2 Re8 39. Rd1 Re2 40.
b3 Rxg2 41. Rd7 Ne5 42. Rxc7 Nxf3 43. Kd1 Rxh2 44. Rb7 Rh4 45. Ke2 Ng5 46. Rb8+
Kh7 47. Ke3 Rg4 48. Kf2 h5 49. c4 bxc3 50. Rc8 h4 51. Rxc3 Ne4+ 52. Kf3 Nxc3
53. Kxg4 g5 54. Kh3 Kh6 55. Kg4 f5+ 56. Kh3 Kh5 57. Kg2 g4 58. Kh2 h3 59. b4
Nb5 60. Kg1 g3 61. Kh1 f4 62. Kg1 f3 63. Kh1 Kh4 64. Kg1 h2+ 65. Kh1 Nd4 66. b5
Kh3 67. b6 g2# 0-1

[Event "DEM U10/U10w 2014"]
[Site "Magdeburg GER"]
[Date "2014.06.12"]
[Round "8"]
[White "Marzisch, Darius"]
[Black "Ziegenfuß, Antonia"]
[Result "0-1"]
[Termination "normal"]
[Board "28"]
[WhiteElo "1067"]
[BlackElo "1705"]
[PlyCount "130"]
[WhiteFideId "12997480"]
[BlackFideId "12962554"]
[EventCountry "GER"]
[EventRounds "11"]
[EventType "swiss"]
[EventDate "2014.06.07"]

1. e4 e5 2. Nf3 d6 3. Nc3 Be7 4. Bc4 Nf6 5. d3 O-O 6. h3 Nc6 7. Be3 Na5 8. Bb3
Nxb3 9. axb3 h6 10. O-O Be6 11. Qd2 c5 12. Nh2 Qd7 13. f4 exf4 14. Bxf4 d5 15.
exd5 Nxd5 16. Nxd5 Qxd5 17. Nf3 Bf6 18. Rab1 Rad8 19. Kh1 Rfe8 20. Qf2 Bc8 21.
Nd2 Bxh3 22. Ne4 Bd4 23. Qg3 Bc8 24. c3 Qh5+ 25. Qh2 Qxh2+ 26. Kxh2 Be5 27.
Bxe5 Rxe5 28. Rbe1 Rxd3 29. Nf2 Rxe1 30. Rxe1 Rd8 31. Re5 b6 32. Re7 a6 33. Rc7
Be6 34. Rc6 Rd2 35. Ne4 Rxb2 36. Rxb6 Rxb3 37. Rxa6 Bd5 38. Nxc5 Rxc3 39. Ra5
Rc2 40. Nd7 Bxg2 41. Ne5 f6 42. Kg3 fxe5 43. Rxe5 Kf7 44. Ra5 Bc6 45. Ra7+ Kf6
46. Kf4 Rc4+ 47. Ke3 h5 48. Ra5 g5 49. Kf2 Rg4 50. Rc5 Be4 51. Ke3 h4 52. Rc4
h3 53. Kf2 h2 54. Rb4 h1=Q 55. Rb6+ Bc6 56. Rb3 Qg1+ 57. Ke2 Rg2+ 58. Kd3 Qd1+
59. Kc4 Bd5+ 60. Kc5 Bxb3 61. Kb4 Rb2 62. Kc3 Rc2+ 63. Kb4 Qb1 64. Kb5 Be6+ 65.
Ka4 Ra2# 0-1

[Event "DEM U10/U10w 2014"]
[Site "Magdeburg GER"]
[Date "2014.06.12"]
[Round "8"]
[White "Delgado, Celina"]
[Black "Wu, Luka"]
[Result "0-1"]
[Termination "normal"]
[Board "29"]
[WhiteElo "1023"]
[BlackElo "1433"]
[PlyCount "90"]
[WhiteFideId "12993735"]
[BlackFideId "12977420"]
[EventCountry "GER"]
[EventRounds "11"]
[EventType "swiss"]
[EventDate "2014.06.07"]

1. e4 e5 2. Nf3 Nc6 3. Bc4 Bc5 4. c3 Nf6 5. d4 exd4 6. cxd4 Bb4+ 7. Bd2 d5 8.
exd5 Nxd5 9. O-O Bxd2 10. Nbxd2 O-O 11. h3 Be6 12. Re1 Re8 13. Ne4 Nb6 14. Bxe6
Rxe6 15. Qd3 Rg6 16. Rad1 Nd5 17. Ne5 Nxe5 18. dxe5 Rxg2+ 19. Kf1 c6 20. Qf3
Rg6 21. Rd3 Qa5 22. Red1 Qa6 23. Nc5 Qb5 24. Ke1 Qxc5 25. Ke2 Qc4 26. b3 Qb4
27. Rxd5 cxd5 28. Qxd5 Re6 29. a3 Qf4 30. Qd8+ Re8 31. Qd7 Qxe5+ 32. Kf1 a6 33.
Rc1 Qb5+ 34. Qxb5 axb5 35. Ra1 b4 36. a4 b5 37. f3 bxa4 38. bxa4 b3 39. Ra3 b2
40. Rb3 Reb8 41. Re3 b1=Q+ 42. Re1 Qxe1+ 43. Kxe1 Rb2 44. Kd1 Rxa4 45. Kc1 Rf2
0-1

[Event "DEM U10/U10w 2014"]
[Site "Magdeburg GER"]
[Date "2014.06.12"]
[Round "8"]
[White "Grünwald, Max"]
[Black "Doan, Lam Phuc"]
[Result "0-1"]
[Termination "normal"]
[Board "30"]
[WhiteElo "1340"]
[BlackElo "1145"]
[PlyCount "54"]
[WhiteFideId "12992283"]
[EventCountry "GER"]
[EventRounds "11"]
[EventType "swiss"]
[EventDate "2014.06.07"]

1. e4 c5 2. b4 cxb4 3. d4 d5 4. exd5 Qxd5 5. c4 bxc3 6. Nxc3 Qd8 7. Nf3 Nf6 8.
Bc4 g6 9. O-O Bg7 10. Ng5 e6 11. Be3 O-O 12. d5 Nxd5 13. Bxd5 exd5 14. Rc1 Nc6
15. Nxd5 Qa5 16. Qb3 h6 17. Rxc6 bxc6 18. Ne7+ Kh8 19. Nxf7+ Kh7 20. Qc2 Bf5
21. Qxc6 Qc3 22. Qd5 Qd3 23. Qc6 Bd7 24. Qf3 Be6 25. Rd1 Qa6 26. g4 Bxf7 27. g5
h5 0-1

[Event "DEM U10/U10w 2014"]
[Site "Magdeburg GER"]
[Date "2014.06.12"]
[Round "8"]
[White "Eschner, Fabian"]
[Black "Pantsernaya, Sofya"]
[Result "1-0"]
[Termination "normal"]
[Board "31"]
[WhiteElo "1018"]
[BlackElo "1320"]
[PlyCount "113"]
[WhiteFideId "16232860"]
[BlackFideId "12993182"]
[EventCountry "GER"]
[EventRounds "11"]
[EventType "swiss"]
[EventDate "2014.06.07"]

1. e4 d5 2. exd5 Nf6 3. Nf3 Nxd5 4. d4 e6 5. c4 Nf6 6. Nc3 Be7 7. Bf4 O-O 8.
Bd3 b6 9. Nb5 Na6 10. a3 Bb7 11. O-O c5 12. Be5 Re8 13. Qc2 h6 14. Be2 Qd7 15.
Nc7 Nxc7 16. Rad1 Qc6 17. Ne1 Qd7 18. dxc5 Qc8 19. cxb6 axb6 20. Qb3 Nd7 21.
Bd4 Bc6 22. Bf3 Ba4 23. Qd3 Bxd1 24. Bxa8 Nxa8 25. Qxd1 Qxc4 26. Bc3 Rd8 27.
Qc2 Qg4 28. h3 Qh5 29. Nf3 Nf6 30. Ne5 Nc7 31. Nf3 Ncd5 32. Be5 Nd7 33. Bh2
N5f6 34. Kh1 Nc5 35. b4 Nce4 36. Re1 Qd5 37. Bg1 Qf5 38. Qc7 Re8 39. Qxb6 Bd6
40. Rd1 Nd5 41. Qa6 Qg6 42. Ne1 Qh5 43. Rb1 Nf4 44. Rb3 Qd5 45. Re3 Ng6 46. Rd3
Qe5 47. g3 Qf5 48. Kg2 Qe5 49. Bh2 Qf5 50. f3 Qf6 51. fxe4 Qb2+ 52. Kg1 Qe2 53.
Nf3 Be5 54. h4 Rd8 55. Rxd8+ Kh7 56. Qxe2 h5 57. Nxe5 1-0

[Event "DEM U10/U10w 2014"]
[Site "Magdeburg GER"]
[Date "2014.06.12"]
[Round "8"]
[White "Rößl, Adam"]
[Black "Mailitis, Ricardo"]
[Result "0-1"]
[Termination "normal"]
[Board "32"]
[WhiteElo "1310"]
[BlackElo "1205"]
[PlyCount "78"]
[WhiteFideId "16246047"]
[BlackFideId "12977535"]
[EventCountry "GER"]
[EventRounds "11"]
[EventType "swiss"]
[EventDate "2014.06.07"]

1. e4 e5 2. Nf3 Nc6 3. Bc4 Nf6 4. d3 Bc5 5. Bg5 h6 6. Bh4 d6 7. h3 Be6 8. Bd5
Bxd5 9. exd5 Nb8 10. Nc3 Nbd7 11. O-O O-O 12. Re1 Re8 13. d4 exd4 14. Nxd4
Rxe1+ 15. Qxe1 Bxd4 16. Rd1 Bc5 17. Rd3 Qe8 18. Qxe8+ Rxe8 19. Kf1 g5 20. Bg3
Nh5 21. Bh2 Ne5 22. Rd1 Ng6 23. Nb5 Bb6 24. b4 a6 25. Nc3 Nf6 26. a4 g4 27.
hxg4 Nxg4 28. Bg1 Re5 29. a5 Ba7 30. f4 Ne3+ 31. Bxe3 Rxe3 32. Ne2 Re4 33. f5
Nf4 34. Ng3 Rxb4 35. Re1 Kg7 36. Rd1 Ra4 37. Rb1 Rxa5 38. Rxb7 Ra1+ 39. Rb1
Rxb1# 0-1

[Event "DEM U10/U10w 2014"]
[Site "Magdeburg GER"]
[Date "2014.06.12"]
[Round "8"]
[White "Muths, Lukas"]
[Black "Mirschel, Thaddeus"]
[Result "1-0"]
[Termination "normal"]
[Board "33"]
[WhiteElo "1248"]
[BlackElo "1094"]
[PlyCount "67"]
[WhiteFideId "12953156"]
[BlackFideId "16277570"]
[EventCountry "GER"]
[EventRounds "11"]
[EventType "swiss"]
[EventDate "2014.06.07"]

1. d4 Nf6 2. c4 g6 3. Nc3 Bg7 4. Nf3 O-O 5. e3 d6 6. Bd3 c5 7. O-O Nc6 8. Be2
Bg4 9. h3 Bxf3 10. Bxf3 Qb6 11. Na4 Qb4 12. Be2 b6 13. Bd2 Nxd4 14. Bxb4 Nxe2+
15. Qxe2 cxb4 16. a3 bxa3 17. Rxa3 Rac8 18. Nc3 Rc6 19. Rxa7 Re8 20. Rfa1 Rcc8
21. Nd5 Nxd5 22. cxd5 Be5 23. g3 Rb8 24. h4 h5 25. R1a2 b5 26. g4 Rec8 27. Rxe7
Rc1+ 28. Kg2 b4 29. gxh5 b3 30. Qf3 Rf8 31. Ra8 Bxb2 32. Rxf8+ Kh7 33. Qxf7+
Kh6 34. Qh7# 1-0

[Event "DEM U10/U10w 2014"]
[Site "Magdeburg GER"]
[Date "2014.06.12"]
[Round "8"]
[White "Hartmann, Katrin"]
[Black "Popist, Florian"]
[Result "0-1"]
[Termination "normal"]
[Board "34"]
[WhiteElo "1014"]
[BlackElo "1245"]
[PlyCount "112"]
[WhiteFideId "16200632"]
[BlackFideId "16203518"]
[EventCountry "GER"]
[EventRounds "11"]
[EventType "swiss"]
[EventDate "2014.06.07"]

1. e4 c5 2. Nf3 e6 3. d4 cxd4 4. Nxd4 a6 5. Nc3 Qc7 6. Bd3 Nc6 7. Be3 Nf6 8.
Nxc6 Qxc6 9. O-O Bb4 10. Qf3 Bxc3 11. bxc3 Qxc3 12. Rfd1 O-O 13. Qh3 Qe5 14. f4
Qh5 15. Qg3 Qg6 16. Qh3 Nxe4 17. Bc5 d6 18. Bxd6 Rd8 19. Be7 Re8 20. Ba3 e5 21.
Qe3 Bf5 22. fxe5 Rxe5 23. Bb2 Ree8 24. Rf1 h6 25. Rae1 Rad8 26. Qf4 Qb6+ 27.
Kh1 Nf2+ 28. Rxf2 Rxe1+ 29. Rf1 Rxf1+ 30. Qxf1 Bxd3 31. cxd3 Qxb2 32. Qe1 Rc8
33. h3 Rc1 34. Qxc1 Qxc1+ 35. Kh2 Qd2 36. d4 Qxd4 37. Kg3 g5 38. Kh2 Qe3 39.
Kh1 Qg3 40. Kg1 f5 41. Kf1 f4 42. Ke2 Qxg2+ 43. Kd3 Qxh3+ 44. Kc4 Qa3 45. Kd5
Qxa2+ 46. Kd6 b5 47. Ke5 b4 48. Kf5 b3 49. Kg6 b2 50. Kxh6 b1=R 51. Kxg5 Qd5+
52. Kxf4 Rb4+ 53. Ke3 Re4+ 54. Kf3 Qf5+ 55. Kg2 Rg4+ 56. Kh3 Qh5# 0-1

[Event "DEM U10/U10w 2014"]
[Site "Magdeburg GER"]
[Date "2014.06.12"]
[Round "8"]
[White "Schmidtmann, Samantha"]
[Black "Diederich, Greta"]
[Result "1-0"]
[Termination "normal"]
[Board "35"]
[WhiteElo "1403"]
[BlackElo "1036"]
[PlyCount "137"]
[WhiteFideId "12956759"]
[BlackFideId "12988618"]
[EventCountry "GER"]
[EventRounds "11"]
[EventType "swiss"]
[EventDate "2014.06.07"]

1. e4 e5 2. Nf3 d6 3. d4 exd4 4. Nxd4 Nc6 5. Bb5 Bd7 6. Nxc6 bxc6 7. Bc4 Nf6 8.
Nc3 Be7 9. f3 O-O 10. O-O Be6 11. Qe2 Qd7 12. Rd1 Qe8 13. Bxe6 fxe6 14. e5 dxe5
15. Qxe5 Bd6 16. Qe2 Nh5 17. Ne4 Be5 18. Ng5 Bf6 19. Qxe6+ Qxe6 20. Nxe6 Rfc8
21. g4 Kf7 22. Nxc7 Rxc7 23. gxh5 Re7 24. c3 Rae8 25. Bf4 Bh4 26. Bg3 Bg5 27.
Re1 Be3+ 28. Bf2 Bxf2+ 29. Kxf2 Kf6 30. Rxe7 Rxe7 31. f4 Kf5 32. Kg3 Re3+ 33.
Kh4 Kxf4 34. Rf1+ Ke4 35. Rf7 Re2 36. Re7+ Kd3 37. Rxe2 Kxe2 38. Kg5 Kd2 39. h6
gxh6+ 40. Kxh6 Kc2 41. h4 Kxb2 42. Kxh7 a5 43. Kg6 Kxa2 44. h5 a4 45. h6 a3 46.
h7 Kb2 47. h8=Q a2 48. c4+ Kb1 49. c5 a1=Q 50. Qxa1+ Kxa1 51. Kf5 Kb2 52. Ke5
Kc3 53. Kd6 Kc4 54. Kxc6 Kb4 55. Kb6 Kc4 56. c6 Kd5 57. c7 Kd6 58. c8=Q Kd5 59.
Qf5+ Kd4 60. Qe6 Kd3 61. Qg4 Ke3 62. Kc5 Kd3 63. Kd5 Ke3 64. Qe4+ Kf2 65. Qd3
Ke1 66. Qc2 Kf1 67. Ke4 Kg1 68. Kf3 Kh1 69. Qg2# 1-0

[Event "DEM U10/U10w 2014"]
[Site "Magdeburg GER"]
[Date "2014.06.12"]
[Round "8"]
[White "Schönweiler, Elisabeth"]
[Black "Khanbekyan, Areg"]
[Result "0-1"]
[Termination "normal"]
[Board "36"]
[WhiteElo "1217"]
[BlackElo "962"]
[PlyCount "122"]
[WhiteFideId "12997005"]
[BlackFideId "12993727"]
[EventCountry "GER"]
[EventRounds "11"]
[EventType "swiss"]
[EventDate "2014.06.07"]

1. e4 c5 2. Nc3 d6 3. f4 g6 4. Nf3 Bg7 5. Bc4 Nc6 6. O-O Nf6 7. Qe1 e5 8. d3
O-O 9. Qh4 Be6 10. Bb3 Nh5 11. Qxd8 Raxd8 12. Bxe6 fxe6 13. fxe5 Nxe5 14. Bg5
Nxf3+ 15. Rxf3 Rxf3 16. Bxd8 Bd4+ 17. Kh1 Rf2 18. Rc1 Be3 19. Re1 Rxc2 20. g4
Nf4 21. h4 Rc1 22. Rxc1 Bxc1 23. b3 Nxd3 24. Kg2 Nb4 25. a4 d5 26. exd5 exd5
27. Ba5 d4 28. Bxb4 cxb4 29. Nd1 Kf7 30. Kf3 d3 31. Ke4 d2 32. Kf4 Kf6 33. g5+
Ke6 34. Ke4 a6 35. Nf2 Kd6 36. Kd4 Bb2+ 37. Kd3 Ke5 38. Nd1 Bc3 39. Ke3 Kd5 40.
Kd3 Kc5 41. Ke3 b5 42. a5 Kd5 43. Kd3 Ke5 44. Ke3 Kf5 45. Kf3 Bd4 46. Ke2 Kg4
47. Kxd2 Kxh4 48. Kd3 Be5 49. Ke4 Bc7 50. Kf3 Kxg5 51. Kg2 Bxa5 52. Nf2 Bb6 53.
Ne4+ Kf4 54. Ng3 a5 55. Ne2+ Ke3 56. Ng3 a4 57. Nf1+ Kd3 58. bxa4 bxa4 59. Kf3
a3 60. Ng3 a2 61. Ne4 a1=Q 0-1

[Event "DEM U10/U10w 2014"]
[Site "Magdeburg GER"]
[Date "2014.06.12"]
[Round "8"]
[White "Pahl, Theis"]
[Black "Memtimin, Esma"]
[Result "1/2-1/2"]
[Termination "normal"]
[Board "37"]
[WhiteElo "1311"]
[BlackElo "1002"]
[PlyCount "49"]
[WhiteFideId "16201264"]
[BlackFideId "12993514"]
[EventCountry "GER"]
[EventRounds "11"]
[EventType "swiss"]
[EventDate "2014.06.07"]

1. e4 e6 2. d4 d5 3. e5 c5 4. c3 Nc6 5. Nf3 Qb6 6. Bd3 Bd7 7. Bc2 Nh6 8. a3 a5
9. O-O Nf5 10. Bxf5 exf5 11. Qd3 Be6 12. a4 Ra6 13. Na3 c4 14. Qc2 Bxa3 15.
Rxa3 Nb8 16. Be3 Qc7 17. Nh4 Qc8 18. f4 O-O 19. b3 g6 20. Nf3 Nd7 21. Bf2 f6
22. Bh4 cxb3 23. Rxb3 fxe5 24. dxe5 Nc5 25. Ra3 1/2-1/2

[Event "DEM U10/U10w 2014"]
[Site "Magdeburg GER"]
[Date "2014.06.12"]
[Round "8"]
[White "Hommer, Jeremy"]
[Black "Ewerhardy, Moritz"]
[Result "1-0"]
[Termination "normal"]
[Board "38"]
[WhiteElo "1229"]
[BlackElo "1190"]
[PlyCount "41"]
[WhiteFideId "12992577"]
[BlackFideId "36052086"]
[EventCountry "GER"]
[EventRounds "11"]
[EventType "swiss"]
[EventDate "2014.06.07"]

1. e4 c5 2. Nf3 d6 3. d4 cxd4 4. Nxd4 Nf6 5. Nc3 g6 6. f4 Bg7 7. e5 dxe5 8.
fxe5 Nd5 9. Bb5+ Kf8 10. e6 Nxc3 11. bxc3 Bxd4 12. cxd4 Qa5+ 13. Bd2 Qxb5 14.
exf7 Qh5 15. O-O h6 16. Qe1 Nc6 17. Qe3 Kg7 18. d5 Kf8 19. dxc6 bxc6 20. Qd4
Rh7 21. Qd8+ 1-0

[Event "DEM U10/U10w 2014"]
[Site "Magdeburg GER"]
[Date "2014.06.12"]
[Round "8"]
[White "Kurzweil, Nalani"]
[Black "Neumann, Konstantina"]
[Result "1-0"]
[Termination "normal"]
[Board "39"]
[WhiteElo "1194"]
[BlackElo "1183"]
[PlyCount "97"]
[WhiteFideId "12985694"]
[BlackFideId "16200543"]
[EventCountry "GER"]
[EventRounds "11"]
[EventType "swiss"]
[EventDate "2014.06.07"]

1. Nf3 Nc6 2. d4 d5 3. c4 Nf6 4. cxd5 Nxd5 5. e4 Nf6 6. Nc3 e6 7. Bb5 Bd7 8. a3
Bd6 9. Bxc6 Bxc6 10. e5 Nd5 11. Nxd5 Bxd5 12. exd6 Qxd6 13. O-O O-O 14. Bg5
Rae8 15. Bd2 f6 16. Bb4 Bxf3 17. Qxf3 Qxd4 18. Bxf8 Rxf8 19. Qb3 Qd5 20. Qxd5
exd5 21. Rfe1 Rd8 22. Rad1 d4 23. Re4 c5 24. Rde1 Kf7 25. Re7+ Kf8 26. Rxb7 d3
27. Rd1 d2 28. Rc7 Re8 29. Kf1 Rd8 30. Rxc5 g5 31. Rc2 Re8 32. Rcxd2 h5 33. Rd8
Rxd8 34. Rxd8+ Kf7 35. Rd7+ Kf8 36. Rxa7 Kg8 37. b4 Kf8 38. b5 Ke8 39. Rc7 Kd8
40. Rc1 Kd7 41. b6 Kd8 42. b7 Ke7 43. b8=Q Kf7 44. Rc7+ Kg6 45. Rc5 Kg7 46. Qe8
Kh7 47. Rc7+ Kh6 48. Qf7 g4 49. Qxf6# 1-0

[Event "DEM U10/U10w 2014"]
[Site "Magdeburg GER"]
[Date "2014.06.12"]
[Round "8"]
[White "Pflugradt, Natalie"]
[Black "Oyunbat, Oyunchimeg"]
[Result "1-0"]
[Termination "normal"]
[Board "40"]
[WhiteElo "1127"]
[BlackElo "1043"]
[PlyCount "111"]
[WhiteFideId "16212444"]
[EventCountry "GER"]
[EventRounds "11"]
[EventType "swiss"]
[EventDate "2014.06.07"]

1. e4 e5 2. Nf3 Nc6 3. Bc4 Bc5 4. c3 Nf6 5. d4 exd4 6. cxd4 Bb4+ 7. Bd2 Bxd2+
8. Nbxd2 d5 9. exd5 Nxd5 10. Qb3 Nce7 11. O-O O-O 12. Rfe1 c6 13. Rad1 Bf5 14.
Qxb7 Qa5 15. Qb3 Rab8 16. Qa3 Qxa3 17. bxa3 Rfe8 18. h3 Nf4 19. Ne5 Rf8 20.
Ndf3 h6 21. Nh4 Be6 22. Bxe6 fxe6 23. Re3 Rf6 24. Nd7 Rbf8 25. Nxf8 Rxf8 26.
Nf3 Nfd5 27. Rxe6 Rf6 28. Rxf6 Nxf6 29. Ne5 Ne4 30. Nd3 Nc3 31. Re1 Ng6 32. Ne5
Nxe5 33. Rxe5 Nxa2 34. Rc5 Kf8 35. Rxc6 a5 36. d5 Ke8 37. d6 a4 38. Rc2 Kd7 39.
Rxa2 Kxd6 40. Rd2+ Kc5 41. Kf1 Kc4 42. Ke2 Kb3 43. Rd3+ Kc4 44. f4 Kc5 45. g4
Kb5 46. h4 Kc4 47. g5 h5 48. f5 Kb5 49. f6 g6 50. f7 Ka5 51. f8=Q Kb6 52. Qc8
Ka5 53. Kd2 Kb6 54. Rd6+ Kb5 55. Qc6+ Ka5 56. Qa6# 1-0

[Event "DEM U10/U10w 2014"]
[Site "Magdeburg GER"]
[Date "2014.06.12"]
[Round "8"]
[White "Sulzbacher, Marijana"]
[Black "Glinzner, Alva"]
[Result "0-1"]
[Termination "normal"]
[Board "41"]
[WhiteElo "1016"]
[BlackElo "1194"]
[PlyCount "54"]
[WhiteFideId "34658181"]
[BlackFideId "16206169"]
[EventCountry "GER"]
[EventRounds "11"]
[EventType "swiss"]
[EventDate "2014.06.07"]

1. e4 e5 2. Nf3 Nc6 3. Bc4 Nf6 4. d3 Bc5 5. O-O d6 6. Nc3 Bg4 7. Bg5 Nd4 8. Nd5
Nxf3+ 9. gxf3 Bh3 10. Bxf6 gxf6 11. Re1 Rg8+ 12. Kh1 Bg2+ 13. Kg1 Bxf3+ 14. Kf1
Bxd1 15. Raxd1 c6 16. Ne3 Qd7 17. Nf5 d5 18. Bb3 Rd8 19. Nh6 Qh3+ 20. Ke2 Qxh6
21. exd5 Qh5+ 22. Kf1 Qxh2 23. d4 Qg1+ 24. Ke2 Qg4+ 25. Kf1 Bxd4 26. Rd3 Ke7
27. f3 Qg2# 0-1